| 000 | 00699nam a22002657a 4500 | ||
|---|---|---|---|
| 003 | OSt | ||
| 005 | 20260601171018.0 | ||
| 008 | 260508b2006\\\\|||a||||\||||\00|\0\eng\d | ||
| 020 | _a0863555748 | ||
| 040 |
_aICI _bspa _cICI _erda |
||
| 041 | _aeng | ||
| 050 |
_aHT151 _bE24 |
||
| 100 | _eTill, Jeremy | ||
| 245 |
_aEcho/city: _bAn urban register |
||
| 264 |
_aLondon _bThe British Council _c2006 |
||
| 300 | _a24 páginas | ||
| 336 |
_2rdacontent _atexto |
||
| 337 |
_2rdamedia _asin medio |
||
| 338 |
_2rdacarrier _avolumen |
||
| 650 |
_aUrban sociology _934244 |
||
| 650 |
_aCities and towns _934245 |
||
| 650 |
_aCity planning _934246 |
||
| 650 |
_aUrbanization _934247 |
||
| 942 |
_2lcc _cB _n1 |
||
| 999 |
_c20768 _d20768 |
||